KOHA-Header-6

The Contract Law of Pakistan (Record no. 1724)

000 -LEADER
fixed length control field 00307nam a2200121Ia 4500
008 - FIXED-LENGTH DATA ELEMENTS--GENERAL INFORMATION
fixed length control field 190723s9999 xx 000 0 und d
020 ## - INTERNATIONAL STANDARD BOOK NUMBER
International Standard Book Number 978-0-19-906898-2
100 ## - MAIN ENTRY--PERSONAL NAME
Personal name Taymoor Soomro
245 #4 - TITLE STATEMENT
Title The Contract Law of Pakistan
260 ## - PUBLICATION, DISTRIBUTION, ETC. (IMPRINT)
Place of publication, distribution, etc Karachi
Name of publisher, distributor, etc Oxford Uni Press
Date of publication, distribution, etc 2015
300 ## - PHYSICAL DESCRIPTION
Extent 366.:p
942 ## - ADDED ENTRY ELEMENTS (KOHA)
Koha item type Books
Holdings
Withdrawn status Lost status Damaged status Not for loan Collection code Permanent Location Current Location Shelving location Date acquired Total Checkouts Full call number Barcode Date last seen Date checked out Price effective from Koha item type
        Law MAJU MAJU Shelf No.A46 2019-07-23 1 KPL810 8347 2025-05-03 2025-04-21 2019-07-23 Law

Powered by Koha